| 000 | 01671nam0a2200385 4500 | ||
|---|---|---|---|
| 001 | RU\NLR\bibl\1878750 | ||
| 005 | 20260407135513.0 | ||
| 010 |
_a978-5-7057-3053-7 _94500 |
||
| 021 |
_aRU _b2012-12548 _9946 |
||
| 035 | _a(NLR Aleph) 001868538 | ||
| 090 |
_a2629119 _c2629119 |
||
| 100 | _a20120312d2012 |||y0rusy50 ca | ||
| 101 | 0 | _arus | |
| 102 | _aRU | ||
| 105 | _ay ||||||||| | ||
| 200 | 1 |
_aМетодическое портфолио учителя физики _fИзд-во "Учитель" _gавт.-сост.: И.Ю. Фоминичева |
|
| 210 |
_aВолгоград _cУчитель _d2012 |
||
| 215 |
_a193 с. _d20 |
||
| 225 | 1 | _aВ соответствии с ФГОС | |
| 225 | 1 | _aМетодическое портфолио | |
| 300 | _aЗагл. обл.: Портфолио учителя физики | ||
| 320 | _aБиблиогр.: с. 189-192 | ||
| 512 | 1 | _aПортфолио учителя физики | |
| 606 | 1 |
_aПортфолио учителя _jРуководства, пособия и т.п. _xСоставление _92575413 _3RU\NLR\auth\661522779 |
|
| 606 | 1 |
_aФизика _jРуководства, пособия и т.п. _xПреподавание _xСредняя школа _91689448 _3RU\NLR\auth\661049384 |
|
| 686 | _aЧ421.421я7 | ||
| 686 | _aЧ426.51я7 | ||
| 702 | 1 |
_aФоминичева _bИ. Ю. _gИрина Юрьевна _4220 |
|
| 712 | 0 | 2 |
_4570 _a"Учитель", издательство _cВолгоград _3RU\NLR\AUTH\8810004275 _9505853 |
| 801 | 0 |
_aRU _bNLR _c20120312 _gRCR |
|
| 801 | 1 |
_aRU _bNLR _c20120312 |
|
| 942 | _cBOOK | ||
| 980 | _aNB | ||
| 980 | _aNBR | ||